书目信息 |
| 题名: |
刘微数学'割园术':奇妙的刘微外推
|
|
| 作者: | 王能超 | |
| 分册: | ||
| 出版信息: | 武汉 华中科技大学出版社 2016.04 |
|
| 页数: | 158页 | |
| 开本: | 26cm | |
| 丛书名: | ||
| 单 册: | ||
| 中图分类: | O123.3-49 | |
| 科图分类: | ||
| 主题词: | 初等数学 | |
| 电子资源: | ||
| ISBN: | 978-7-5680-1580-6 | |
| 000 | 00655nam0 2200217 450 | |
| 001 | 809 | |
| 005 | 20160909102827.89 | |
| 010 | @a978-7-5680-1580-6@b平装@dCNY28.00 | |
| 092 | @b刘 | |
| 100 | @a20160724d2016 km y0chiy0120 ea | |
| 101 | 0 | @achi |
| 102 | @aCN@b420000 | |
| 200 | 1 | @a刘微数学'割园术':奇妙的刘微外推@Aliu wei shu xue'ge yuan shu':qi miao de liu wei wai tui@f王能超@Fwang neng chao |
| 210 | @a武汉@c华中科技大学出版社@d2016.04 | |
| 215 | @a158页@d26cm | |
| 330 | @a园·普及读物 | |
| 606 | 0 | @a初等数学 |
| 690 | @aO123.3-49@v4 | |
| 701 | 0 | @a王能超@Awang neng chao |
| 801 | 0 | @aCN@b唐山师范学院图书馆@c20160724 |
| 905 | @aZUCC@dO123.3-49@e71 | |
| 刘微数学'割园术':奇妙的刘微外推/王能超.-武汉:华中科技大学出版社,2016.04 |
| 158页;26cm |
| ISBN 978-7-5680-1580-6(平装):CNY28.00 |
| 园·普及读物 |
| ● |
| 相关链接 |
|
|
|
|
正题名:刘微数学'割园术':奇妙的刘微外推
索取号:O123.3-49/71
 
预约/预借
| 序号 | 登录号 | 条形码 | 馆藏地/架位号 | 状态 | 备注 |
| 1 | 903540 | 209035408 | 第二样本阅览室/ [索取号:O123.3-49/71] | 在馆 | |
| 2 | 903541 | 209035417 | 第三借阅区/ [索取号:O123.3-49/71] | 在馆 | |
| 3 | 903542 | 209035426 | 第三借阅区/ [索取号:O123.3-49/71] | 在馆 | |
| 4 | 903543 | 209035435 | 第三借阅区/ [索取号:O123.3-49/71] | 在馆 | |
| 5 | 903544 | 209035444 | 第三借阅区/ [索取号:O123.3-49/71] | 在馆 |